Exposición: José Luis Cuevas, obra reciente

Uloženo v:
Podrobná bibliografie
Korporativní autor: Museo Nacional de Bellas Artes (Autor)
Médium: Kniha
Jazyk:španělština
Vydáno: Santiago Museo Nacional de Bellas Artes 1994
Témata:
Tagy: Přidat tag
Žádné tagy, Buďte první, kdo vytvoří štítek k tomuto záznamu!

MARC

LEADER 00000nam a2200000 a 4500
001 UCO5986
003 CL-VaPUC
008 000922e19940000CL |||||||||||||||||spa|d
082 0 4 |a 708.983  |b MUS  |2 21 
110 2 |a Museo Nacional de Bellas Artes  |e author  |9 450775 
245 1 0 |a Exposición: José Luis Cuevas, obra reciente 
300 |a 35 p 
942 |c BK 
945 |d 20000922 00:00:00  |a crobeson 
260 |a Santiago  |b Museo Nacional de Bellas Artes  |c 1994 
600 0 7 |a CUEVAS, JOSE LUIS  |2 CL-VaPUC  |9 450776 
650 7 |a EXPOSICIONES ARTISTICAS  |2 CL-VaPUC  |9 450777 
650 0 |a Dibujos  |9 264123 
650 0 |a Grabados  |9 310822 
650 0 |a Museos de arte  |9 265235 
651 7 |a CHILE  |2 CL-VaPUC  |9 450778 
583 |a last modification  |c 20000922 00:00:00  |k Rodrigo Vera 
999 |c 291784  |d 291782 
952 |0 0  |1 0  |4 0  |6 708_983000000000000_MUS_1994  |7 0  |8 R  |9 341956  |a BIBART  |b BIBART  |d 2019-11-20  |i 1224654  |o 708.983 MUS 1994  |p 1224654  |r 2025-03-13  |w 2019-11-20  |y BK_R  |k ART